000 00539nam a2200193 4500
001 123116
003 ES-MaACL
005 20230906192120.0
007 t|
008 070214s1973 ag r ||||0| spa d
245 0 1 _a¿Qué es la música electrónica? /
_cHerbert Eimert [et. al.].
260 _aBuenos Aires :
_bNueva Visión,
_c1973.
300 _a136 p :
_bil ;
_c18 cm.
490 1 _aFichas
700 1 _aEimert, Herbert.
_946832
830 0 _aFichas
_9182784
852 _aES-MaACL
_jA-7877
_bR.96425
999 _c123116
_d123116